| 000 | 00832 a2200229 4500 | ||
|---|---|---|---|
| 001 | 45519 | ||
| 005 | 20260407155727.0 | ||
| 008 | 260407a1990 arg spa d | ||
| 003 | AR-UNSa-BCEJYS | ||
| 040 |
_aAR-UNSa-BCEJYS _bspa _cAR-UNSa-BCEJYS |
||
| 080 |
_a330.34.01 _xTeoría del desarrollo económico |
||
| 245 | 1 | 0 | _aDesarrollo y subdesarrollo |
| 020 | _a84-281-0681-9 | ||
| 264 | 1 |
_aBuenos Aires : _bPaidós _c1990 |
|
| 300 |
_a39 cm. _c18 cm. |
||
| 505 | _a1. Introducción – 2. La teoría de la regularidad del desarrollo – 3. La teoría del subdesarrollo – 4. Las aportaciones del neomarxismo. | ||
| 041 | _aspa | ||
| 942 | _cBK | ||
| 590 | _aniveau_biblio:m niveau_hierar:0 | ||
| 100 | 1 | _aAlbani, Paolo | |
| 856 | 4 | 1 |
_uhttps://www.biblioeco.unsa.edu.ar/pmb/images/libros/L127131.jpg _yImagen de portada _qimage/jpeg |
| 999 |
_c3951 _d3951 |
||